Statistics for top ten populated cities in NSW, Australia

Click here to take the quiz!

General Stats

  • This quiz has been taken 54 times
  • The average score is 6 of 10

Answer Stats

Answer% Correct
Sydney
100%
Newcastle
89%
Wollongong
77%
Wagga Wagga
64%
Central Coast
59%
Coffs Harbour
57%
Port Macquarie
55%
Albury-Wodonga
52%
Maitland
36%
Gold Coast- Tweet Heads
0%

Score Distribution

Percentile by Number Answered

Percent of People with Each Score

Your Score History

You have not taken this quiz